000 00576nam a2200217Ia 4500
003 OSt
005 20220926014125.0
006 a|||||r|||| 00| 0
007 ta
008 220923b |||||||| |||| 00| 0 eng d
037 _cGeneral Book
040 _aRTL
_cRTL
_beng
041 _2eng
_aeng
082 _aXxM62, F1
100 _aCommons John R
_9122029
245 0 _aIndustrial government
260 _aNew York
_bMacmillan Company
_c1921
300 _axii, 425p
_ccm.
942 _hXxM62, F1
_cGB
_2CC
999 _c627919
_d627919